Paris Saint-Germain Current Squad by Photos (24/25) - Statistics

General Stats
  • This quiz has been taken 42 times
  • The average score is 17 of 24
Answer Stats
Picture Hint Answer % Correct
#29 Bradley Barcola
100%
#1 Gianluigi Donnarumma
100%
#10 Ousmane Dembélé
100%
#2 Achraf Hakimi
97%
#17 Vitinha
97%
#5 Marquinhos
95%
#14 Désiré Doué
92%
#25 Nuno Mendes
92%
#8 Fabián Ruiz
89%
#21 Lucas Hernández
87%
#7 Khvicha Kvaratskhelia
84%
#3 Presnel Kimpembe
84%
#19 Kang-in Lee
79%
#9 Gonçalo Ramos
76%
#51 Willian Pacho
74%
#87 João Neves
71%
#33 Warren Zaïre-Emery
71%
#35 Lucas Beraldo
53%
#39 Matvey Safonov
42%
#24 Senny Mayulu
42%
#80 Arnau Tenas
32%
#49 Ibrahim Mbaye
21%
#42 Yoram Zague
16%
#45 Naoufel El Hannach
3%
No matching quizzes found
Score Distribution
Percent of People with Each Score
Percentile by Number Answered
Your Score History
You have not taken this quiz